Pokémon - Les attaques de Phyllali - Statistiques

Statistiques générales
  • Ce quiz a été pris 19 fois
  • Le résultat moyen est 17 sur 24
Statistiques - réponses
Niveaux Types Noms des attaques % Correct
Départ Normal Charge
100%
Départ Normal Rugissement
100%
Niveau 5 Sol Jet de Sable
92%
Départ Normal Mimi-Queue
92%
Départ Fée Charme
83%
Niveau 55 Normal Dernier Recours
83%
Niveau 50 Plante Lame Feuille
83%
Départ Ténèbres Morsure
83%
Départ Normal Bélier
75%
Niveau 25 Plante Feuille Magik
75%
Niveau 15 Fée Regard Touchant
75%
Départ Évolution Plante Tranch'Herbe
75%
Niveau 10 Normal Vive-Attaque
75%
Niveau 35 Feu Zénith
75%
Niveau 30 Plante Synthèse
67%
Départ Normal Coup d'Main
58%
Départ Normal Damoclès
58%
Niveau 40 Plante Giga-Sangsue
58%
Départ Normal Implore
58%
Départ Normal Photocopie
50%
Départ Normal Relais
50%
Niveau 20 Plante Vampigraine
42%
Niveau 45 Normal Danse Lames
33%
Départ Normal Météores
17%
Aucun quiz correspondant
Distribution des résultats
% des personnes avec chaque résultat
Percentile par nombre de réponses
Votre historique - résultats
Vous n’avez pas pris ce quiz